Early modern-Modern Tanks (Syria and china) - Statistics

General Stats
  • This quiz has been taken 29 times
    14 since last reset
  • The average score is 11 of 42
Answer Stats
Russian Answer % Correct
Medium T-80
85%
Medium T-72
77%
Medium T-72
77%
MBT T-90
77%
Medium Challenger
69%
IFV BMP-2
54%
IFV BMP-2
54%
MBT Challenger 2
54%
Not in Service yet Challenger 3
54%
Medium T-14
54%
MBT Leopard 2A7
46%
Medium T-55
46%
MBT Type-99
46%
Medium T-62
38%
Medium M1A1 Abrams
31%
Medium M1A2 Abrams
31%
IFV Puma
31%
APC BTR-80
23%
IFV M2 Bradley
23%
CFV M3 Bradley
15%
MBT T-90M
15%
SPAAG ZSU-23-4
15%
APC BTR-82
8%
SPAAG Flakpanzer Gepard
8%
IFV FV510
8%
Medium M1A2 Sep V2
8%
IFV Marder
8%
Artillery PLZ-05
8%
AFV FV430
0%
Medium Leopard 2A6M
0%
Artillery M109A6
0%
SPAAG M163
0%
Medium M1A2 Sep V3
0%
MBT M1A2 Sep V4
0%
AFV PT-76
0%
SPAA SHORAD
0%
MBT T90A
0%
Artillery TOS-1
0%
APC Type-08
0%
AFV Type-85
0%
CFV VN-20
0%
IFV ZBD-04
0%
No matching quizzes found
Score Distribution
Percent of People with Each Score
Percentile by Number Answered
Your Score History
You have not taken this quiz since the last reset